000 00262nam a22001217a 4500
008 171025b xxu||||| |||| 00| 0 eng d
041 _aeng
080 _a336.2
100 _a55
101 _aSTA
245 _aELEMENTARY STATISTICS
_cLARSON, R
942 _2udc
_cBK
999 _c35858
_d35858